Guess Kpop Girl Groups From Their Song - Statistics

General Stats
  • This quiz has been taken 1,120 times
  • The average score is 16 of 35
Answer Stats
Hint Answer % Correct
Kill This Love (2019) Blackpink
97%
What Is Love? (2018) Twice
94%
Icy (2019) Itzy
90%
Peek-A-Boo (2017) Red velvet
88%
Genie (2009) SNSD
85%
Hip (2019) Mamamoo
82%
Me Gustas Tu (2015) Gfriend
74%
Come Back Home (2014) 2NE1
66%
Touch My Body (2014) Sistar
66%
Hi High (2018) Loona
65%
Electric Shock (2016) f(x)
64%
Like A Cat (2015) AOA
57%
Hush (2013) Miss A
57%
Why So Lonely (2016) Wonder Girls
56%
Hate (2016) 4minute
44%
Sugar Free (2014) T-ara
42%
Love Bomb (2018) fromis_9
41%
Chase Me (2017) Dreamcatcher
40%
Tag Me (@me) (2020) Weeekly
38%
Wee Woo (2017) Pristin
37%
Ah-Choo (2018) Lovelyz
35%
Closer (2015) Oh My Girl
32%
Who Dis? (2020) Secret Number
32%
Oopsy (2020) Weki Meki
26%
Secret (2016) WJSN
24%
Kill Bill (2013) Brown Eyed Girls
23%
Really Really (2019) Cherry Bullet
23%
Ah (2009) After School
21%
Girls (2020) Nature
19%
Woowa (2019) DIA
16%
Hurt Locker (2015) 9muses
14%
Pow Pow (2017) Elris
8%
Hate You (2013) Ladies Code
7%
Queen (2020) 3ye
6%
Black Swan (2015) Rainbow
6%
No matching quizzes found
Score Distribution
Percent of People with Each Score
Percentile by Number Answered
Your Score History
You have not taken this quiz